| 000 | 00926cam a22002654a 4500 | ||
|---|---|---|---|
| 020 | _a007297883X (alk. paper) | ||
| 020 | _a9780072978834 (alk. paper) | ||
| 020 | _a0073222976 (text & access code) | ||
| 020 | _a9780073222974 (text & access code) | ||
| 020 | _a0071106111 (pbk. : package) | ||
| 020 | _a9780071106115 (pbk. : package) | ||
| 020 | _a0071115692 (pbk. : alk. paper) | ||
| 020 | _a9780071115698 (pbk. : alk. paper) | ||
| 040 | _cDLC | ||
| 082 | 0 | 0 | _a330 HIL 2006 A012 Or. |
| 100 | 1 | _aColander, David C | |
| 245 | 1 | 0 | _aEconomics / |
| 250 | _a6th ed | ||
| 260 |
_aBoston : _bMcGraw-Hill/Irwin, _cc2006 |
||
| 300 |
_a1 volume (various paging) : _billustrations (chiefly color), color map ; _c27 cm |
||
| 650 | 0 | _aEconomics | |
| 856 | 4 | 2 | _uhttp://catdir.loc.gov/catdir/enhancements/fy0702/2005043868-d.html |
| 856 | 4 | 1 | _uhttp://catdir.loc.gov/catdir/enhancements/fy0702/2005043868-t.html |
| 942 | _cEK | ||
| 999 |
_c14051 _d14051 |
||